Central Library OPAC University of Rajshahi

Disarmament : (Record no. 26056)

MARC details
000 -LEADER
fixed length control field 01919cam a2200397 4500
001 - CONTROL NUMBER
control field 26056
003 - CONTROL NUMBER IDENTIFIER
rucl marc code BD-RjUL
005 - DATE AND TIME OF LATEST TRANSACTION
control field 20211209050951.0
008 - FIXED-LENGTH DATA ELEMENTS--GENERAL INFORMATION
fixed length control field 140320s1995 nyuqr0p b i0 a0eng d
030 ## - CODEN DESIGNATION
CODEN DISAEF
035 ## - SYSTEM CONTROL NUMBER
System control number (OCoLC)04837784
System control number (OCoLC)04868504
-- (BD-RjUL)26126
040 ## - CATALOGING SOURCE
Original cataloging agency IAD
Transcribing agency IAD
Modifying agency COO
-- DLC
-- OCL
-- NST
-- AIP
-- HUL
-- NSD
-- NST
-- NSD
-- HUL
-- NSD
-- NST
-- NYG
-- CAS
-- NSD
-- EYM
-- MYG
-- IUL
-- UMC
-- MYG
-- BD-RjUL
Language of cataloging eng
041 ## - LANGUAGE CODE
Language code of text/sound track or separate title eng
082 00 - DEWEY DECIMAL CLASSIFICATION NUMBER
Classification number 327.17405
Author mark and year UND 1995
110 2# - MAIN ENTRY--CORPORATE NAME
Corporate name or jurisdiction name as entry element United Nations.
9 (RLIN) 80060
245 00 - TITLE STATEMENT
Title Disarmament :
Statement of responsibility, etc. by the United Nations.
Remainder of title A perodic review /
260 ## - PUBLICATION, DISTRIBUTION, ETC. (IMPRINT)
Place of publication, distribution, etc. New York :
Name of publisher, distributor, etc. United Nations,
Date of publication, distribution, etc. 1995.
300 ## - PHYSICAL DESCRIPTION
Pagination 91 p. ;
Size 22 cm.
510 2# - CITATION/REFERENCES NOTE
Name of source PAIS bulletin
International Standard Serial Number 0898-2201
Coverage of source 1986-
Name of source Public Affairs Information Service bulletin
International Standard Serial Number 0033-3409
Coverage of source -1985
550 ## - ISSUING BODY NOTE
Issuing body note Issued by: United Nations Centre for Disarmament, v. 1, no. 1, May 1978-v. 5, no. 2, Nov. 1982; United Nations. Dept. for Disarmament Affairs, v. 6, no. 1, spring 1983-v. 15, no. 1, 1992; United Nations. Office for Disarmament Affairs, v. 15, no. 2, 1992-<v. 16, no. 1, 1993>; United Nations. Centre for Disarmament Affairs, <v. 17, no. 1, 1994->
650 #0 - SUBJECT ADDED ENTRY--TOPICAL TERM
Topical term or geographic name as entry element Disarmament
Form subdivision Periodicals.
9 (RLIN) 80049
Topical term or geographic name as entry element Nuclear disarmament
Form subdivision Periodicals.
9 (RLIN) 80050
710 2# - ADDED ENTRY--CORPORATE NAME
Corporate name or jurisdiction name as entry element United Nations Centre for Disarmament.
9 (RLIN) 80051
Corporate name or jurisdiction name as entry element United Nations.
Subordinate unit Department for Disarmament Affairs.
9 (RLIN) 74925
Corporate name or jurisdiction name as entry element United Nations.
Subordinate unit Office for Disarmament Affairs.
9 (RLIN) 80052
Corporate name or jurisdiction name as entry element United Nations.
Subordinate unit Centre for Disarmament Affairs.
9 (RLIN) 80053
942 ## - ADDED ENTRY ELEMENTS (KOHA)
Source of classification or shelving scheme Dewey Decimal Classification
Koha item type Books
Holdings
Lost status Source of classification or shelving scheme Damaged status Not for loan Permanent Location Current Location Shelving location Date acquired Source of acquisition Cost, normal purchase price Total Checkouts Full call number Date last seen Copy number Koha item type
  Dewey Decimal Classification   Added to bundle Central Library, University of Rajshahi Central Library, University of Rajshahi Reading Room 06/05/1996 UN 0.00   327.17405 UND 1995 20/03/2014 C-1 Books